00500 2200205 4500001002100000008004100021035002000062245006100082100001800143250000600161260003100167300001200198084001400210082000800224650001400232990001200246990001200258990001200270990001200282INLIS000000000000562 ind  a0010-0424000538 aReferensi Sains Dalam Kehidupan Manusia 4cDr. Suroso AY aDr. Suroso AY a1 aJakarta :bIPA Abongc2008 a126 hlm a030 SUR r a030 aReferensi a0722276 a0722277 a0722278 a0722279